000 01218nam a22003017i 4500
003 DO-SdBNP
005 20230530110643.0
007 ta
008 221020b1990 dr ||||| |||| 00| 0 spa d
040 _aDO-SdBNP
_bspa
_cBNPHU
_erda
082 4 _a021.7
_bF356d
_222
111 2 _aFeria Nacional del Libro
_cSanto Domingo, República Dominicana)
_ddel 20 al 30 de octubre de 1990
_972688
245 1 0 _aXVIII Feria Nacional del Libro Cesar Herrera
246 1 3 _aDecimooctava Feria Nacional del Libro
264 _aSanto Domingo :
_bComision Permanente de la Feria del Libro
_c1990
300 _a47 paginas :
_bilustrado ;
_c21 cm.
336 _2rdacontent
_atexto
_btxt
337 _2rdamedia
_asin mediación
_bn
338 _2rdacarrier
_avolumen
_bnc
500 _aDedicado a la memoria de Cesar Herrera
590 _aInventariado, 2023/DG
611 2 4 _aFeria internacional del libro
_n(17ª :
_d2014 :
_cSanto Domingo, Republica Dominicana)
_xProgramas
_972689
650 4 _aIndustria del libro
_zRepública Dominicana
_xProgramas
_955292
650 4 _aFeria del libro
_zRepública Dominicana
_y1990
_xProgramas
_972690
650 4 _aLibros
_xExposiciones
_zRepública Dominicana
_933375
910 _aDG
942 _2ddc
_cLF2
999 _c53655
_d53655